Warlock : a novel of ancient Egypt / Wilbur Smith.
Record details
- ISBN: 0312278233
- Physical Description: 549 pages ; 25 cm.
- Publisher: New York : St. Martin's Press, 2001.
Search for related items by subject
| Subject: | Paranormal fiction. Egypt > Antiquities > Fiction. Adventure stories. |
| Genre: | Historical fiction. |
| LDR | 00784cam a2200241 a 4500 | ||
|---|---|---|---|
| 001 | 119998 | ||
| 003 | CONS | ||
| 005 | 20140703092840.0 | ||
| 008 | 010215s2001 nyu 00 1 eng u | ||
| 020 | . | ‡a0312278233 | |
| 035 | . | ‡a(CPomAG)LMN398304 | |
| 043 | . | ‡af-ua--- | |
| 050 | 0 | 0. | ‡aPR9405.9.S5 ‡bW37 2001 |
| 100 | 1 | . | ‡aSmith, Wilbur A. |
| 245 | 1 | 0. | ‡aWarlock : ‡ba novel of ancient Egypt / ‡cWilbur Smith. |
| 260 | . | ‡aNew York : ‡bSt. Martin's Press, ‡c2001. | |
| 300 | . | ‡a549 pages ; ‡c25 cm. | |
| 650 | 0. | ‡aParanormal fiction. | |
| 651 | 0. | ‡aEgypt ‡xAntiquities ‡vFiction. | |
| 655 | 7. | ‡aHistorical fiction. ‡2gsafd | |
| 650 | 0. | ‡aAdventure stories. | |
| 959 | . | ‡i32269000634686 ‡lF Smi ‡aAdult - Fiction ‡tFiction ‡g27.95 | |
| 852 | . | ‡p32269000634686 ‡jF Smi ‡gAdult - Fiction ‡cFiction ‡y27.95 ‡bSBPL | |
| 901 | . | ‡a119998 ‡bUnknown ‡c119998 ‡tbiblio | |